000
00260nam a22001097a 4500
082
_a
660 DIB'S
100
_a
DIBENLDETTO, A. T
_9
78921
245
_a
THE STRCTURE AND PROPERTIES OF MATERIALS
260
_a
TOKYO
_b
KOGAKUSHA
_c
1967
300
_a
533P
942
_c
BK
999
_c
583990
_d
583990